[Event "HUN-chT U18"]
[Site "Budapest"]
[Date "2022.11.01"]
[Round "2.1"]
[White "Raj, Milan Anand"]
[Black "Toth, Levente1111"]
[Result "0-1"]
[WhiteElo "1556"]
[BlackElo "1480"]
[PlyCount "82"]
[EventDate "2022.10.31"]
[EventType "team-swiss"]
[EventRounds "7"]
[EventCountry "HUN"]
[SourceTitle "CBM 211 Extra"]
[Source "ChessBase"]
[SourceDate "2023.01.31"]
[SourceVersion "1"]
[SourceVersionDate "2023.01.31"]
[SourceQuality "1"]
[WhiteTeam "TFSE II"]
[BlackTeam "Varosgazda Akademia II"]
[WhiteTeamCountry "HUN"]
[BlackTeamCountry "HUN"]

1. e4 c6 2. d4 d5 3. f3 dxe4 4. fxe4 e5 5. Nf3 Bg4 6. Bc4 Nd7 7. 0-0 Ngf6 8. Bg5 Be7 9. Bxf6 Bxf6 10. c3 exd4 11. cxd4 Qb6 12. Bxf7+ Kxf7 13. Ng5+ Kg6 14. Qxg4 Qxd4+ 15. Kh1 Bxg5 16. h4 h6 17. Qf5+ Kh5 18. hxg5 hxg5 19. Rf3 Qd1+ 20. Kh2 Qd6+ 21. Kh1 Qd1+ 22. Rf1 Qg4 23. Qf7+ g6 24. Rf3 Raf8 25. Qb3 Rxf3 26. Qxf3 Rf8 27. Qxg4+ Kxg4 28. Nc3 Rf2 29. Rd1 Ne5 30. Rd6 Kg3 31. Kg1 Rxg2+ 32. Kf1 Rxb2 33. Re6 Rf2+ 34. Ke1 Nd3+ 35. Kd1 Nf4 36. Re7 Kf3 37. e5 g4 38. Rf7 g3 39. Ke1 Kg4 40. Rd7 Rc2 41. e6 g2 0-1